[Event "Joao Pessoa op 5th"]
[Site "Joao Pessoa"]
[Date "2014.03.16"]
[Round "6"]
[White "Azevedo Da Silva, Kleriston"]
[Black "Barbosa, Vitor Hugo Villar D"]
[Result "0-1"]
[WhiteElo "1631"]
[BlackElo "1810"]
[PlyCount "36"]
[EventDate "2014.03.14"]
[EventType "swiss"]
[EventRounds "6"]
[EventCountry "BRA"]
[SourceTitle "CBM 159 Extra"]
[Source "ChessBase"]
[SourceDate "2014.04.24"]
[SourceVersion "1"]
[SourceVersionDate "2014.04.24"]
[SourceQuality "1"]

1. d4 Nf6 2. Nf3 g6 3. c4 Bg7 4. e3 0-0 5. Nc3 d6 6. Bd3 Nbd7 7. Bd2 e5 8. 0-0 Qe7 9. e4 Ne8 10. dxe5 Nxe5 11. Nd5 Qd8 12. Bg5 Nxf3+ 13. Qxf3 Qxg5 14. Rfe1 c6 15. Nf4 Be5 16. Ne2 f5 17. Ng3 f4 18. Ne2 Bg4 0-1